New headway: Upper - Intermediate: Teacher's book
Sách dành cho giao viên. Cung cấp đáp án và giải thích các bài tập trong sách học viên trình độ trên trung cấp. Hướng dẫn và gợi ý cách tổ chức các hoạt động hiệu quả.
Đã lưu trong:
| Tác giả chính: | |
|---|---|
| Định dạng: | Sách |
| Năm xuất bản: |
Anh
Oxford University
2003
|
| Phiên bản: | Seventh Impression |
| Chủ đề: | |
| Tags: |
Thêm thẻ
Không có thẻ, Hãy là người đầu tiên gắn thẻ bản ghi này!
|
| LEADER | 00855nam a2200181 4500 | ||
|---|---|---|---|
| 999 | |c 4563 |d 4563 | ||
| 082 | |a 420.71 |b S401R | ||
| 100 | |a Soars, Liz | ||
| 245 | |a New headway: Upper - Intermediate: Teacher's book |c Liz Soars, John Soar, Mike Sayer, Peter May | ||
| 250 | |a Seventh Impression | ||
| 260 | |a Anh |b Oxford University |c 2003 | ||
| 300 | |a 176 tr. |c 28 cm | ||
| 520 | |a Sách dành cho giao viên. Cung cấp đáp án và giải thích các bài tập trong sách học viên trình độ trên trung cấp. Hướng dẫn và gợi ý cách tổ chức các hoạt động hiệu quả. | ||
| 653 | |a Ngôn ngữ | ||
| 653 | |a Tiếng Anh | ||
| 653 | |a Sách giáo viên | ||
| 942 | |2 ddc |c SH | ||
| 952 | |0 0 |1 0 |2 ddc |4 0 |6 420_071000000000000_S401R |7 0 |8 400 |9 44157 |a qbu |b qbu |c D4 |d 2014-12-19 |g 34000 |o 420.071 S401R |p 2707.c1 |w 2014-12-19 |y SH |0 0 |6 420_071000000000000_S401R | ||